01207cac a22002775a 4500008004100000010001300041020001500054040001800069082001900087245010700106250001200213260005700225300004400282500010800326500008100434504004100515590001000556650003500566650003600601651001000637653001100647942000800658999001500666952012400681952012400805081109t1995 xxuk f 000 0 eng d a90007418 a0131827596 aEG-ScBUEbeng04a658.3bKOL22204aOrganizational behavior :ban experiential approach /cDavid A. Kolb, Irwin M. Rubin, Joyce S. Osland. a6th ed. aNew Jersey. :bPrentice-Hall International,cc.1995. axxvi, 646 p. :bforms, tables ;c28 cm. aRev. ed. of: Organizational psychology / David A. Kolb, Irwin M. Rubin, Joyce S. Osland. 4th ed. c1984. a"Designed to be used with the text/workbook: Organizational behavior"--Pref. aIncludes bibliographical references. aSAMEH 0aPsychology2BUEshxIndustrial. 0aOrganizational behavior.2BUEsh 2BUEsh bBUSADM 2ddc c4561d4561 00102ddc4070aMAINbMAINc1STd2009-09-07ePurchasel5m9o658.3 KOLp000005676r2025-07-15 00:00:00s2016-12-06yBB 00102ddc4070aMAINbMAINc1STd2013-09-07ePurchasel2m3o658.3 KOLp000005651r2025-07-15 00:00:00s2023-03-09yBB